Visualizzazione normale
Vista MARC
- Abellàn
di Personal Name
Records bibliografici associati: 1
001 - CONTROL NUMBER
- control field: 36381
003 - CONTROL NUMBER IDENTIFIER
- control field: IT-RoPau
005 - DATE AND TIME OF LATEST TRANSACTION
- control field: 20151102204633.0
008 - FIXED-LENGTH DATA ELEMENTS
- fixed length control field: 151102|| aca||aabn | a|a d
040 ## - CATALOGING SOURCE
- Original cataloging agency: IT-RoPau
- Transcribing agency: IT-RoPau
100 ## - HEADING--PERSONAL NAME
- Personal name: Abellàn
670 ## - SOURCE DATA FOUND
- Source citation: Work cat.: (IT-RoPau)472: Abellàn, De principiis, de virtutibus et preceptis. 2 voll. Notae ad praelectiones theologiae moralis.